| 000 | 01194nam a2200229Ii 4500 | ||
|---|---|---|---|
| 003 | JO-AjNU | ||
| 008 | 230605s9999||||xx |||||||||||||| ||und|| | ||
| 017 | _a2011/7/2789 | ||
| 020 | _a978-9957-33-260-0 | ||
| 040 |
_aJO-AjNU _bara _erda _cJO-AjNU |
||
| 041 | _aara | ||
| 050 | 1 | 4 | _aDS36.88.M88 2012 |
| 100 | 3 |
_aالمؤنمر الثاني حول سؤال النهضة في الفكر والأدب والثقافة اربد، الاردن ، جامعة جدارا، إعداد محمد الشنطي، إعداد عبد الرحيم المراشدة , _eauthor _946080 |
|
| 245 | 0 | 0 | _aسؤال النهضة في الفكر والأدب والثقافة: وقائع المؤتمر الدولي الثاني لكلية الأداب واللغات/ جامعة جدارا |
| 250 | _aط1 | ||
| 264 | 3 | 1 | _aعمان: مؤسسة الوراق، 2012 |
| 300 |
_a700ص _bيشتمل على جداول ، خرائط توضيحية |
||
| 336 |
_atext _btxt _2rdacontent |
||
| 337 |
_aunmediated _bn _2rdamedia |
||
| 338 |
_avolume _bnc _2rdacarrier |
||
| 650 | 4 |
_aالثقافة العربية - مؤتمرات -الفكر العربي - مؤتمرات - الادب العربي - مؤتمرات _946081 |
|
| 999 |
_aA20021 _c23589 _d23589 |
||